Degradation of filled polymers: High temperature and thermal oxidative processes (Record no. 40598)

MARC details
000 -LEADER
fixed length control field 00326nam a2200109Ia 4500
082 ## - DEWEY DECIMAL CLASSIFICATION NUMBER
Classification number 028.2875
Item number BRY
100 ## - MAIN ENTRY--AUTHOR NAME
Personal name Bryk, M T
245 #0 - TITLE STATEMENT
Title Degradation of filled polymers: High temperature and thermal oxidative processes
260 ## - PUBLICATION, DISTRIBUTION, ETC. (IMPRINT)
Place of publication New York
Name of publisher Ellis Horwood
Year of publication 1991
942 ## - ADDED ENTRY ELEMENTS (KOHA)
Koha item type Books
Holdings
Withdrawn status Lost status Damaged status Not for loan Home library Current library Date acquired Cost, normal purchase price Full call number Accession Number Koha item type
        RRII Library RRII Library 16/12/2021 103.50 028.2875 BRY 20896 Books